00743 a2200205 450000100060000002000180000604000240002410000260004824000390007424500340011330000060014736200090015344000080016265000310017094200070020195201040020895201040031295201040041699900170052046634 a9788532284211 cAnchieta - Aquarius aAlmada Rivero, Marcos10a*Oscar e sua cauda de minhocalpor10a*Oscar e sua cauda de minhoca a 0 a2013 1aFTD 4aLiteratura infanto-juvenil cBK 00104070a87.1b87.1d2023-11-21l0o028.5 ALM OSCp4647/AQUr2023-11-21 15:13:15w2023-11-21yBK 00104070a87.1b87.1d2023-11-21l0o028.5 ALM OSCp4648/AQUr2023-11-21 15:13:15w2023-11-21yBK 00104070a87.1b87.1d2023-11-21l0o028.5 ALM OSCp4649/AQUr2023-11-21 15:13:15w2023-11-21yBK c46634d46634